[Event "Vienna Chess Open 2016 Group A"]
[Site "Grosser Festsaal im Wiener Rathaus, 1010 Wien"]
[Date "2016.08.18"]
[Round "3"]
[Board "5"]
[White "Shengelia, David"]
[Black "Powierski, Emil"]
[Result "1-0"]
[WhiteElo "2572"]
[BlackElo "2323"]
[PlyCount "137"]
[EventDate "2016.08.16"]
[EventRounds "9"]
[EventCountry "AUT"]

1.d4 Nf6 2.c4 g6 3.Nc3 Bg7 4.e4 d6 5.Be2 O-O 6.Be3 e5 7.d5 a5 8.g4 Na6 9.g5 Ne8 10.h4
f5 11.f3 Nc5 12.Nh3 Bd7 13.Nf2 c6 14.Nd3 Nxd3+ 15.Bxd3 Nc7 16.Qe2 cxd5 17.cxd5 b5
18.Rc1 Rb8 19.h5 f4 20.Bf2 Qxg5 21.Bh4 Qxh5 22.Qg2 g5 23.Bxg5 Qg6 24.Kf2 Bf6 25.Nb1
Ne8 26.Rhg1 Bxg5 27.Qxg5 Qxg5 28.Rxg5+ Kf7 29.Na3 Rg8 30.Rh5 Rg7 31.Rh6 Rb7 32.Bf1
Ke7 33.Rh1 Rc7 34.Bd3 Rb7 35.Bf1 Rc7 36.Be2 Rb7 37.b3 Nf6 38.Rh6 Ng8 39.Rg1 Nxh6 40.Rxg7+
Nf7 41.Rxh7 Rb8 42.Ke1 Rb7 43.Kd1 Rb8 44.Bf1 Rb6 45.Ke2 Rb8 46.Bh3 Bxh3 47.Rxh3 Rb7
48.Rh1 Kd7 49.Rg1 Rb8 50.Kd3 Ke7 51.Rc1 Kd7 52.Rc6 Nd8 53.Ra6 Nb7 54.Ra7 Kc7 55.Nxb5+
Kb6 56.Rxb7+ Rxb7 57.Nxd6 Rh7 58.Nc4+ Kc5 59.Nxe5 Rh3 60.Kc3 Rg3 61.a3 Rh3 62.b4+
axb4+ 63.axb4+ Kb5 64.d6 Kb6 65.Kd4 Rh1 66.Kd5 Kb7 67.b5 Kb6 68.Ke6 Kxb5 69.d7 1-0

[Event "Vienna Chess Open 2016 Group A"]
[Site "Grosser Festsaal im Wiener Rathaus, 1010 Wien"]
[Date "2016.08.18"]
[Round "3"]
[Board "6"]
[White "Mertens, Heiko"]
[Black "Burmakin, Vladimir"]
[Result "0-1"]
[WhiteElo "2297"]
[BlackElo "2553"]
[PlyCount "90"]
[EventDate "2016.08.16"]
[EventRounds "9"]
[EventCountry "AUT"]

1.e4 c6 2.d4 d5 3.exd5 cxd5 4.Bd3 Nc6 5.c3 g6 6.Bf4 Bg7 7.Nd2 Nh6 8.Ngf3 Nf5 9.O-O
O-O 10.Re1 Re8 11.Qb3 Na5 12.Qc2 Nd6 13.h4 Bf5 14.h5 Bxd3 15.Qxd3 Nac4 16.hxg6 hxg6
17.Ng5 Nxd2 18.Bxd2 Qd7 19.Qg3 Bf6 20.Qh4 Bxg5 21.Bxg5 f6 22.Bf4 Nf5 23.Qg4 Kf7 24.Re3
Rh8 25.Rae1 Rae8 26.Rh3 Qc8 27.Rxh8 Rxh8 28.Qf3 Qd7 29.b3 b5 30.Qd3 Ng7 31.f3 Nf5
32.a3 a6 33.Qe2 Rc8 34.g4 Ng7 35.Qd2 Rh8 36.Kg2 Ne6 37.Rh1 Rxh1 38.Kxh1 a5 39.Bg3
a4 40.bxa4 bxa4 41.Qb2 Qc6 42.Qb4 Qa6 43.Kg1 Qe2 44.Qb7 Ng5 45.Qxd5+ Kg7 0-1

[Event "Vienna Chess Open 2016 Group A"]
[Site "Grosser Festsaal im Wiener Rathaus, 1010 Wien"]
[Date "2016.08.18"]
[Round "3"]
[Board "7"]
[White "Ponizil , Cyril "]
[Black "Vasilescu, Lucian-Mihail"]
[Result "1-0"]
[WhiteElo "2510"]
[BlackElo "2290"]
[PlyCount "31"]
[EventDate "2016.08.16"]
[EventRounds "9"]
[EventCountry "AUT"]

1.e4 c5 2.Nf3 Nf6 3.e5 Nd5 4.Nc3 e6 5.Nxd5 exd5 6.d4 Nc6 7.dxc5 Bxc5 8.Qxd5 Qb6 9.Bc4
Bxf2+ 10.Kf1 O-O 11.Qe4 Nd8 12.Ng5 g6 13.Qf4 Qd4 14.Nxh7 Qxf4 15.Bxf4 Bh4 16.Nxf8 1-0

[Event "Vienna Chess Open 2016 Group A"]
[Site "Grosser Festsaal im Wiener Rathaus, 1010 Wien"]
[Date "2016.08.18"]
[Round "3"]
[Board "8"]
[White "Sandhoefner, Florian"]
[Black "Manolache, Marius"]
[Result "1-0"]
[WhiteElo "2290"]
[BlackElo "2492"]
[PlyCount "119"]
[EventDate "2016.08.16"]
[EventRounds "9"]
[EventCountry "AUT"]

1.d4 Nf6 2.c4 c5 3.d5 g6 4.Nc3 Bg7 5.e4 O-O 6.Nf3 e6 7.Be2 exd5 8.exd5 d6 9.O-O Bg4
10.Be3 Re8 11.h3 Bxf3 12.Bxf3 Nbd7 13.Qd2 Ne5 14.Be2 Nh5 15.b3 f5 16.Bxh5 gxh5 17.Rae1
a6 18.Ne2 b5 19.Qc2 bxc4 20.bxc4 Qd7 21.Nf4 Qf7 22.Ne6 Rxe6 23.dxe6 Qxe6 24.f4 Qxc4
25.Qxf5 Nf7 26.Qxh5 Qxa2 27.f5 Bf6 28.Bf2 Be5 29.f6 Qc2 30.Qf3 Rf8 31.Re4 Kh8 32.Be3
Qd3 33.Rg4 Qc3 34.Rh4 Qd3 35.Rg4 Qc3 36.Rh4 Qc2 37.Rg4 Qd3 38.Rg7 h6 39.Rd1 Qb3 40.Re1
Qe6 41.Rg6 Rg8 42.Rxg8+ Kxg8 43.Qa8+ Kh7 44.Qe4+ Kg8 45.Qg6+ Kf8 46.Bxh6+ Ke8 47.Bg7
Kd7 48.Kh1 c4 49.Qc2 Qd5 50.Rd1 Qe6 51.Qa4+ Kd8 52.Qxa6 Qc8 53.Qa7 Qc7 54.Qa8+ Qc8
55.Qd5 Ke8 56.Rb1 Nd8 57.Qg8+ Kd7 58.f7 Ne6 59.Bxe5 dxe5 60.Rb8 1-0

[Event "Vienna Chess Open 2016 Group A"]
[Site "Grosser Festsaal im Wiener Rathaus, 1010 Wien"]
[Date "2016.08.18"]
[Round "3"]
[Board "9"]
[White "Fuchs, Florian"]
[Black "Hertneck, Gerald"]
[Result "0-1"]
[WhiteElo "2274"]
[BlackElo "2469"]
[PlyCount "118"]
[EventDate "2016.08.16"]
[EventRounds "9"]
[EventCountry "AUT"]

1.e4 e6 2.d4 d5 3.Nc3 Bb4 4.e5 Ne7 5.a3 Bxc3+ 6.bxc3 c5 7.Nf3 Qc7 8.Bf4 b6 9.Bb5+
Bd7 10.Bd3 Ba4 11.Qd2 Nd7 12.h4 h6 13.h5 O-O-O 14.O-O Kb7 15.Rac1 Qc6 16.dxc5 Nxc5
17.Nd4 Qc7 18.Qe3 Rc8 19.Bg3 Nd7 20.Bb5 Bxb5 21.Nxb5 Nf5 22.Nxc7 Nxe3 23.fxe3 Rxc7
24.Rxf7 Nc5 25.Rxc7+ Kxc7 26.Rf1 Rd8 27.Rf4 b5 28.Kf1 Kb6 29.Ke2 Rc8 30.Be1 Ne4 31.Kd3
Nc5+ 32.Ke2 Ne4 33.Kd3 Rg8 34.Rg4 g5 35.hxg6 h5 36.Rh4 Rxg6 37.g3 Rg5 38.Ke2 a5 39.Rf4
Rxe5 40.Rf8 Nd6 41.Bd2 Nc4 42.Bc1 Rg5 43.Kf3 Rf5+ 44.Rxf5 exf5 45.Kf4 Nd6 46.Kg5 Ne4+
47.Kxh5 Nxg3+ 48.Kg5 Kc5 49.Bb2 a4 50.Kf4 Nf1 51.c4 Kxc4 52.Bd4 Nd2 53.Kxf5 Nf3 54.Bf6
Ne1 55.c3 Nc2 56.e4 dxe4 57.Kxe4 Nxa3 58.Ke3 Nb1 59.Ke2 a3 0-1

[Event "Vienna Chess Open 2016 Group A"]
[Site "Grosser Festsaal im Wiener Rathaus, 1010 Wien"]
[Date "2016.08.18"]
[Round "3"]
[Board "10"]
[White "Arkell, Keith"]
[Black "Barle, Janez"]
[Result "1/2-1/2"]
[WhiteElo "2464"]
[BlackElo "2289"]
[PlyCount "102"]
[EventDate "2016.08.16"]
[EventRounds "9"]
[EventCountry "AUT"]

1.d4 d5 2.c4 e6 3.Nf3 c5 4.cxd5 exd5 5.g3 Nc6 6.Bg2 Nf6 7.O-O Be7 8.dxc5 Bxc5 9.Bg5
O-O 10.Nc3 d4 11.Bxf6 Qxf6 12.Nd5 Qd8 13.Nd2 Bh3 14.Bxh3 Qxd5 15.Bg2 Qe6 16.Nb3 Bb6
17.Rc1 Rad8 18.Bxc6 bxc6 19.Qd3 Rfe8 20.Rc2 h5 21.Nc1 h4 22.Qf3 hxg3 23.hxg3 c5 24.b3
Rd5 25.Nd3 Rf5 26.Qg2 g6 27.Rfc1 Kg7 28.Kf1 g5 29.Kg1 Rh8 30.Re1 Rf6 31.Nxc5 Bxc5
32.Rxc5 Rfh6 33.Rxg5+ Kf6 34.Rc5 Rh1+ 35.Qxh1 Rxh1+ 36.Kxh1 d3 37.Rd1 Qxe2 38.Rcc1
d2 39.Rb1 Kf5 40.Kg2 Kg4 41.Rf1 f5 42.b4 f4 43.gxf4 Kxf4 44.b5 Qg4+ 45.Kh2 Kf3 46.Rb3+
Ke2 47.Rbb1 Qh4+ 48.Kg2 Qg4+ 49.Kh2 Qf3 50.Kg1 Qh3 51.f4 Qg3+ 1/2-1/2

[Event "Vienna Chess Open 2016 Group A"]
[Site "Grosser Festsaal im Wiener Rathaus, 1010 Wien"]
[Date "2016.08.18"]
[Round "3"]
[Board "11"]
[White "Blohberger, Felix"]
[Black "Berescu, Alin-Mile"]
[Result "0-1"]
[WhiteElo "2271"]
[BlackElo "2458"]
[PlyCount "140"]
[EventDate "2016.08.16"]
[EventRounds "9"]
[EventCountry "AUT"]

1.c4 d6 2.d4 e5 3.Nf3 e4 4.Nfd2 f5 5.Nc3 Nf6 6.e3 c6 7.d5 Na6 8.Be2 Be7 9.O-O O-O
10.f3 exf3 11.Bxf3 Qb6 12.Nb3 Bd7 13.Nd4 g6 14.Bd2 Nc5 15.b4 Nd3 16.Qb3 c5 17.bxc5
Qxb3 18.axb3 Nxc5 19.Ra3 a6 20.b4 Nd3 21.Na4 Bxa4 22.Rxd3 Ne4 23.Bxe4 fxe4 24.Ra3
Rxf1+ 25.Kxf1 Bd7 26.Ra1 Rc8 27.Rc1 b5 28.cxb5 Bxb5+ 29.Kg1 Rxc1+ 30.Bxc1 Bc4 31.Bb2
Bf6 32.Kf2 Kf7 33.Bc3 Be5 34.g3 Kf6 35.Kg2 Bxd5 36.Kf2 Bc4 37.Kg2 Kg5 38.Ba1 h5 39.Bc3
h4 40.gxh4+ Kxh4 41.Be1+ Kg5 42.Bd2 Bb5 43.Bc3 Bd7 44.Bd2 Kg4 45.Bc3 Ba4 46.Bd2 Bd1
47.h3+ Kg5 48.Be1 Kf6 49.Kf2 Ba4 50.Kg2 Bd7 51.Bc3 Kg5 52.Bd2 Ba4 53.Bc3 Bd1 54.Bd2
Kf6 55.Kf2 Ba4 56.Bc3 Kf7 57.Kg2 Bd7 58.Bd2 Bg7 59.Kg3 Bh6 60.Kg2 Kf6 61.Bc3 Ke5 62.Nc6+
Ke6 63.Nd4+ Kd5 64.Bd2 Kc4 65.Kf2 Kd3 66.Bc1 Kc3 67.Ba3 Kd2 68.Nb3+ Kd3 69.Nc1+ Kc2
70.h4 Bb5 0-1

[Event "Vienna Chess Open 2016 Group A"]
[Site "Grosser Festsaal im Wiener Rathaus, 1010 Wien"]
[Date "2016.08.18"]
[Round "3"]
[Board "12"]
[White "Gstach, Jakob"]
[Black "Rathnakaran, Kantholi"]
[Result "0-1"]
[WhiteElo "2267"]
[BlackElo "2452"]
[PlyCount "52"]
[EventDate "2016.08.16"]
[EventRounds "9"]
[EventCountry "AUT"]

1.Nf3 Nf6 2.c4 c5 3.Nc3 g6 4.d4 Bg7 5.e4 cxd4 6.Nxd4 Nc6 7.Be3 O-O 8.f3 Qb6 9.Nf5
Qxb2 10.Na4 Qe5 11.Nxg7 d5 12.cxd5 Nxd5 13.Bh6 Rd8 14.Rc1 Nb6 15.Qb3 Nd4 16.Qb4 Qf6
17.h4 Qe5 18.Kf2 Nc6 19.Qb5 Qd4+ 20.Be3 Qxa4 21.Qg5 f6 22.Qg3 Kxg7 23.h5 Be6 24.Rc5
Rh8 25.e5 f5 26.Qg5 Kf7 0-1

[Event "Vienna Chess Open 2016 Group A"]
[Site "Grosser Festsaal im Wiener Rathaus, 1010 Wien"]
[Date "2016.08.18"]
[Round "3"]
[Board "13"]
[White "Froewis, Georg"]
[Black "Rubil, Marko"]
[Result "1-0"]
[WhiteElo "2449"]
[BlackElo "2279"]
[PlyCount "93"]
[EventDate "2016.08.16"]
[EventRounds "9"]
[EventCountry "AUT"]

1.d4 d5 2.Nf3 Nf6 3.c4 e6 4.e3 Be7 5.Nc3 O-O 6.Qc2 Nbd7 7.Be2 c6 8.O-O dxc4 9.Bxc4
b5 10.Bd3 a6 11.e4 h6 12.Qe2 c5 13.e5 Nd5 14.Bxh6 gxh6 15.Qe4 f5 16.exf6 N7xf6 17.Qg6+
Kh8 18.Qxh6+ Kg8 19.Qg6+ Kh8 20.Ne5 Nb4 21.Qh6+ Kg8 22.Qg5+ Kh8 23.Ng6+ Kg7 24.Nf4+
Kh8 25.Qh6+ Kg8 26.Qg6+ Kh8 27.Nh5 Rf7 28.Qxf7 Qf8 29.Qxf8+ Bxf8 30.Nxf6 Nxd3 31.dxc5
Nxc5 32.Rfd1 Be7 33.Nfe4 Nb7 34.Rac1 Kg7 35.Ne2 Kf8 36.Nd4 Nd8 37.Rc7 Rb8 38.Nc6 Nxc6
39.Rxc6 a5 40.Nd6 Bd7 41.Rc7 Be8 42.Nxe8 Kxe8 43.Rdc1 Kd8 44.R7c6 Kd7 45.Ra6 Bd8 46.Rd1+
Ke7 47.Rdd6 1-0

[Event "Vienna Chess Open 2016 Group A"]
[Site "Grosser Festsaal im Wiener Rathaus, 1010 Wien"]
[Date "2016.08.18"]
[Round "3"]
[Board "14"]
[White "Tomov, Georgi"]
[Black "Schreiner, Peter"]
[Result "0-1"]
[WhiteElo "2248"]
[BlackElo "2445"]
[PlyCount "90"]
[EventDate "2016.08.16"]
[EventRounds "9"]
[EventCountry "AUT"]

1.d4 Nf6 2.c4 g6 3.Nc3 Bg7 4.e4 d6 5.Nf3 O-O 6.h3 e5 7.d5 Nh5 8.g3 Na6 9.Be3 f5 10.exf5
gxf5 11.Nh4 Qe8 12.Be2 Nf6 13.Qc2 f4 14.gxf4 exf4 15.Bd4 Nb4 16.Qd2 f3 17.Rg1 Rf7
18.Nxf3 Bf5 19.O-O-O Ne4 20.Nh4 Nxa2+ 21.Nxa2 Nxd2 22.Rxd2 Qe4 23.Nxf5 Qxf5 24.Bg4
Qg6 25.Rg3 Bxd4 26.Be6 Qxg3 27.fxg3 Be3 28.Bxf7+ Kxf7 29.Nc3 Kf6 30.Kc2 Bxd2 31.Kxd2
Ke5 32.Ke3 a6 33.g4 Rf8 34.Ne4 b5 35.Ng5 bxc4 36.Nxh7 Rb8 37.h4 Rb3+ 38.Kd2 Rxb2+
39.Kc3 Rb3+ 40.Kxc4 Rg3 41.g5 Rg4+ 42.Kc3 Rxh4 43.Nf6 Rh3+ 44.Kc4 Rg3 45.Nh7 Rg1 0-1

[Event "Vienna Chess Open 2016 Group A"]
[Site "Grosser Festsaal im Wiener Rathaus, 1010 Wien"]
[Date "2016.08.18"]
[Round "3"]
[Board "15"]
[White "Williams, Simon"]
[Black "Dedebas, Emre Emin"]
[Result "1/2-1/2"]
[WhiteElo "2443"]
[BlackElo "2248"]
[PlyCount "85"]
[EventDate "2016.08.16"]
[EventRounds "9"]
[EventCountry "AUT"]

1.d4 d5 2.c4 dxc4 3.e3 e5 4.Bxc4 exd4 5.exd4 Bd6 6.Nf3 Nf6 7.Qe2+ Qe7 8.Qxe7+ Kxe7
9.O-O Be6 10.Re1 Kd7 11.Ne5+ Bxe5 12.dxe5 Bxc4 13.exf6 gxf6 14.b3 Be6 15.Bb2 Nc6 16.Bxf6
Rhg8 17.Nc3 Rae8 18.f3 Kc8 19.Rac1 Rg6 20.Ne4 Reg8 21.Re2 Bd5 22.Bc3 f5 23.Nd2 b5
24.Rce1 Kb7 25.h3 a5 26.Kh2 Ra8 27.Re8 Rxe8 28.Rxe8 b4 29.Ba1 Re6 30.Rxe6 Bxe6 31.Kg3
a4 32.bxa4 Bxa2 33.Kf4 Be6 34.Kg5 Na5 35.Bd4 Kc6 36.Be5 Kd7 37.Kh6 c5 38.Kxh7 c4 39.Nb1
Nc6 40.Bb2 f4 41.Kg6 Ne7+ 42.Kg5 Nd5 43.h4 1/2-1/2

[Event "Vienna Chess Open 2016 Group A"]
[Site "Grosser Festsaal im Wiener Rathaus, 1010 Wien"]
[Date "2016.08.18"]
[Round "3"]
[Board "16"]
[White "Larmuseau, Maarten"]
[Black "Zawadzka, Jolanta"]
[Result "0-1"]
[WhiteElo "2245"]
[BlackElo "2439"]
[PlyCount "90"]
[EventDate "2016.08.16"]
[EventRounds "9"]
[EventCountry "AUT"]

1.e4 c5 2.Nf3 e6 3.c3 d5 4.e5 d4 5.Na3 Nc6 6.Bd3 Nge7 7.O-O Ng6 8.Re1 a6 9.g3 b5 10.b3
Bb7 11.Bb2 Qd7 12.Be4 Rd8 13.cxd4 Nxd4 14.Nxd4 cxd4 15.d3 Bb4 16.Re2 O-O 17.Nc2 Bc3
18.Rb1 a5 19.Bc1 Bd5 20.f4 Ne7 21.Bd2 Qa7 22.Be1 Rc8 23.Bf2 Rfd8 24.Qf1 a4 25.Bxd5
Nxd5 26.b4 a3 27.Re4 Ne7 28.g4 Bb2 29.Qe2 Nd5 30.Be1 Qa4 31.Nxd4 Nxf4 32.Rxf4 Bxd4+
33.Bf2 Bxf2+ 34.Rxf2 Rd4 35.Qf3 Rf8 36.h3 Rxb4 37.Rbf1 Rb2 38.Qe3 Qb4 39.Qa7 Rxf2
40.Qxf2 Qc3 41.Qe3 h6 42.g5 hxg5 43.Rf2 b4 44.Rg2 Rc8 45.Kh2 Qc1 0-1

[Event "Vienna Chess Open 2016 Group A"]
[Site "Grosser Festsaal im Wiener Rathaus, 1010 Wien"]
[Date "2016.08.18"]
[Round "3"]
[Board "17"]
[White "Vetoshko, Volodymyr"]
[Black "Horvath, Dominik"]
[Result "1-0"]
[WhiteElo "2438"]
[BlackElo "2247"]
[PlyCount "67"]
[EventDate "2016.08.16"]
[EventRounds "9"]
[EventCountry "AUT"]

1.e4 c5 2.Nf3 e6 3.d4 cxd4 4.Nxd4 Nc6 5.Nc3 Qc7 6.Be3 a6 7.Qf3 Nf6 8.O-O-O Ne5 9.Qg3
b5 10.f4 Neg4 11.Bg1 b4 12.Na4 Nh6 13.e5 Nd5 14.Bd3 g6 15.Be4 Bb7 16.Nb3 Nf5 17.Qf3
Bh6 18.Kb1 Bc6 19.Bxd5 Bxd5 20.Rxd5 exd5 21.Nb6 O-O 22.g4 Rac8 23.Bc5 d6 24.Nxd5 Qb8
25.exd6 Nxd6 26.Nf6+ Kh8 27.Qh3 Ne4 28.Qxh6 Nxf6 29.Bd4 Rc6 30.g5 Qa8 31.Re1 Re8 32.Bxf6+
Rxf6 33.Rxe8+ Qxe8 34.gxf6 1-0

[Event "Vienna Chess Open 2016 Group A"]
[Site "Grosser Festsaal im Wiener Rathaus, 1010 Wien"]
[Date "2016.08.18"]
[Round "3"]
[Board "18"]
[White "Lipok, Christoph"]
[Black "Gajek, Radoslaw"]
[Result "0-1"]
[WhiteElo "2240"]
[BlackElo "2434"]
[PlyCount "148"]
[EventDate "2016.08.16"]
[EventRounds "9"]
[EventCountry "AUT"]

1.d4 Nf6 2.c4 e6 3.Nc3 Bb4 4.Qc2 O-O 5.Nf3 b6 6.e4 d5 7.e5 Ne4 8.Bd3 Bb7 9.O-O Bxc3
10.bxc3 h6 11.Ba3 Re8 12.Rae1 c5 13.cxd5 exd5 14.c4 cxd4 15.cxd5 Nc3 16.Nxd4 Qxd5
17.Nf3 Nb5 18.Bb2 Rc8 19.Qe2 Nc7 20.Bc4 Qc6 21.e6 Nxe6 22.Bxe6 Qxe6 23.Qxe6 fxe6 24.Rxe6
Bxf3 25.gxf3 Na6 26.Rg6 Rc7 27.Kh1 Kh7 28.Rfg1 Rg8 29.f4 Nc5 30.f5 Ne4 31.Bd4 Ng5
32.Be3 Nf3 33.Rc1 Rxc1+ 34.Bxc1 Rd8 35.Rc6 Rd1+ 36.Kg2 Nh4+ 37.Kh3 Nxf5 38.Kg4 Nd4
39.Rc7 Rg1+ 40.Kh3 h5 41.Be3 Nb5 42.Rd7 Ra1 43.Rd5 Nc7 44.Rd7 Nb5 45.Rd5 Nc3 46.Rxh5+
Kg8 47.Bd4 Rxa2 48.Rg5 Ne2 49.Rxg7+ Kf8 50.Be5 Nf4+ 51.Kg4 Nd3 52.Rg5 Nxe5+ 53.Rxe5
Rxf2 54.h4 Rc2 55.Rf5+ Kg7 56.Rg5+ Kf6 57.Rf5+ Ke6 58.Rf8 Rg2+ 59.Kh5 Kd6 60.Rf1 b5
61.Ra1 Rg7 62.Kh6 Rb7 63.Kg6 b4 64.h5 Kc5 65.h6 Kb5 66.h7 Rxh7 67.Kxh7 a5 68.Kg6 b3
69.Kf5 Kb4 70.Ke4 b2 71.Rh1 a4 72.Kd4 a3 73.Rh8 Kb3 74.Rb8+ Ka2 0-1

[Event "Vienna Chess Open 2016 Group A"]
[Site "Grosser Festsaal im Wiener Rathaus, 1010 Wien"]
[Date "2016.08.18"]
[Round "3"]
[Board "19"]
[White "Baldauf, Marco"]
[Black "Praveen Kumar, Chandrasekar"]
[Result "1-0"]
[WhiteElo "2423"]
[BlackElo "2242"]
[PlyCount "151"]
[EventDate "2016.08.16"]
[EventRounds "9"]
[EventCountry "AUT"]

1.c4 e6 2.Nf3 f5 3.g3 Nf6 4.Bg2 Be7 5.O-O O-O 6.d3 d6 7.Nc3 Qe8 8.Rb1 a5 9.a3 Nc6
10.b4 axb4 11.axb4 e5 12.b5 Nd8 13.c5 Kh8 14.cxd6 Bxd6 15.Nd2 Be6 16.Nc4 Bxc4 17.dxc4
e4 18.b6 Qc6 19.bxc7 Bxc7 20.Qb3 Ne6 21.Nb5 Be5 22.Ba3 Nc5 23.Qc2 b6 24.Rfd1 f4 25.Bb2
Bxb2 26.Qxb2 fxg3 27.fxg3 Ng4 28.Rd6 Qe8 29.Nc7 Qf7 30.Nxa8 Ne3 31.Rf6 gxf6 32.Nxb6
Nxc4 33.Qd4 Nxb6 34.Rxb6 Qe7 35.h3 Ne6 36.Qc4 Ng5 37.h4 Nf7 38.Re6 Qa7+ 39.Kh2 Ne5
40.Qxe4 Rg8 41.Bh3 Qg7 42.Qf4 Rf8 43.Rb6 Qe7 44.Qf5 Qg7 45.Re6 Rf7 46.Ra6 Rf8 47.Rd6
Qg6 48.Qf4 Qg7 49.Bf5 Rg8 50.Rb6 Qe7 51.Be4 Ng4+ 52.Kg2 Qc5 53.Rb7 f5 54.Rc7 Qb5 55.Rxh7+
Kxh7 56.Bxf5+ Kh8 57.Bxg4 Qc6+ 58.Bf3 Qg6 59.g4 Qg7 60.g5 Rf8 61.Qd6 Re8 62.Kg3 Rf8
63.Kg4 Qf7 64.Qe5+ Qg7 65.Qxg7+ Kxg7 66.Be4 Re8 67.Kf4 Rh8 68.Kg4 Re8 69.Bd3 Ra8 70.h5
Ra4+ 71.Kg3 Rb4 72.h6+ Kg8 73.Bf5 Rb6 74.g6 Ra6 75.Kf4 Kh8 76.Ke5 1-0

[Event "Vienna Chess Open 2016 Group A"]
[Site "Grosser Festsaal im Wiener Rathaus, 1010 Wien"]
[Date "2016.08.18"]
[Round "3"]
[Board "20"]
[White "Stigar, Petter"]
[Black "Carow, Johannes"]
[Result "1/2-1/2"]
[WhiteElo "2236"]
[BlackElo "2423"]
[PlyCount "106"]
[EventDate "2016.08.16"]
[EventRounds "9"]
[EventCountry "AUT"]

1.Nf3 c5 2.c4 Nc6 3.Nc3 Nd4 4.e3 Nxf3+ 5.Qxf3 g6 6.b3 Bg7 7.Bb2 Rb8 8.Be2 d6 9.h3
Bd7 10.Bd3 f5 11.Qe2 e6 12.Bc2 Ne7 13.h4 h5 14.O-O-O a6 15.d4 cxd4 16.Rxd4 Bxd4 17.exd4
Kf7 18.d5 e5 19.f4 e4 20.Qd2 Re8 21.Qd4 Rg8 22.g4 fxg4 23.Nxe4 Nf5 24.Qc3 Kf8 25.Nf6
Rg7 26.Re1 g3 27.Bxf5 gxf5 28.Nxh5 Rh7 29.Qxg3 Be8 30.Ng7 Qxh4 31.Ne6+ Ke7 32.Ng5+
Kd7 33.Qe3 Kc7 34.Nxh7 Qxh7 35.Bd4 Qf7 36.Bb6+ Kd7 37.Qe6+ Qxe6 38.Rxe6 Bf7 39.Rf6
Ke7 40.Rxf5 Rh8 41.Rg5 Rh4 42.Be3 b5 43.cxb5 axb5 44.a4 bxa4 45.bxa4 Rh5 46.a5 Rxg5
47.fxg5 Kd7 48.a6 Kc7 49.Ba7 Bxd5 50.g6 Kc6 51.Bd4 Kc7 52.g7 Kb8 53.a7+ Ka8 1/2-1/2

[Event "Vienna Chess Open 2016 Group A"]
[Site "Grosser Festsaal im Wiener Rathaus, 1010 Wien"]
[Date "2016.08.18"]
[Round "3"]
[Board "21"]
[White "Yankelevich, Lev"]
[Black "Voiteanu, Gabriel"]
[Result "1-0"]
[WhiteElo "2414"]
[BlackElo "2239"]
[PlyCount "67"]
[EventDate "2016.08.16"]
[EventRounds "9"]
[EventCountry "AUT"]

1.d4 d5 2.c4 e6 3.Nc3 Nf6 4.cxd5 exd5 5.Bg5 Be7 6.e3 O-O 7.Bd3 h6 8.Bh4 b6 9.Nf3 c5
10.O-O Bb7 11.dxc5 bxc5 12.Bg3 Nh5 13.Qb3 Bc6 14.Be2 Nxg3 15.hxg3 Bf6 16.Rad1 Nd7
17.Nxd5 Rb8 18.Qa3 Rxb2 19.Bc4 Nb6 20.Qxc5 Ba4 21.Bb3 Bxb3 22.Nxf6+ Qxf6 23.axb3 Rxb3
24.Nd4 Rb2 25.Nc6 Na4 26.Ne7+ Kh7 27.Qa3 Re8 28.Nd5 Qc6 29.Rd4 Rd8 30.Ne7 Qc2 31.Rxd8
Nc3 32.Qd6 Ne2+ 33.Kh2 Rb5 34.Rh8+ 1-0

[Event "Vienna Chess Open 2016 Group A"]
[Site "Grosser Festsaal im Wiener Rathaus, 1010 Wien"]
[Date "2016.08.18"]
[Round "3"]
[Board "22"]
[White "Sprotte, Norbert"]
[Black "Kilgus, Georg"]
[Result "0-1"]
[WhiteElo "2202"]
[BlackElo "2413"]
[PlyCount "110"]
[EventDate "2016.08.16"]
[EventRounds "9"]
[EventCountry "AUT"]

1.d4 Nf6 2.Nf3 g6 3.c4 Bg7 4.Nc3 d5 5.Bf4 O-O 6.e3 c5 7.dxc5 Ne4 8.Rc1 Nxc3 9.bxc3
dxc4 10.Qxd8 Rxd8 11.Bxc4 Nd7 12.Ng5 Rf8 13.Ne4 Ne5 14.Bxe5 Bxe5 15.O-O Bf5 16.f3
Bxe4 17.fxe4 Rac8 18.Bb3 Rxc5 19.c4 Bd6 20.Rcd1 Re5 21.Rd5 b6 22.Rxe5 Bxe5 23.Rd1
Bd6 24.Kf2 Kg7 25.g3 h5 26.Rd5 f6 27.Kg2 Rc8 28.Kf3 Kf8 29.h4 Ke8 30.Ba4+ Kd8 31.Bb3
Kc7 32.Rd2 Rh8 33.Ba4 Rg8 34.Rh2 Bc5 35.Rd2 Bd6 36.Rh2 Kb7 37.Rh1 Rc8 38.Bb3 Rc5 39.Rd1
Ra5 40.a4 Rc5 41.Rd5 Ka6 42.g4 hxg4+ 43.Kxg4 Ka5 44.Bc2 Kb4 45.Rxc5 Bxc5 46.e5 Bxe3
47.Bxg6 Kxa4 48.e6 Kb3 49.Bd3 a5 50.Be2 a4 51.Bd1+ Kb4 52.Bxa4 Kxa4 53.Kf3 Bh6 54.Ke4
Kb4 55.Kf5 Kc5 0-1

[Event "Vienna Chess Open 2016 Group A"]
[Site "Grosser Festsaal im Wiener Rathaus, 1010 Wien"]
[Date "2016.08.18"]
[Round "3"]
[Board "23"]
[White "Koop, Thorben"]
[Black "Heinemann, Josefine"]
[Result "1/2-1/2"]
[WhiteElo "2412"]
[BlackElo "2231"]
[PlyCount "95"]
[EventDate "2016.08.16"]
[EventRounds "9"]
[EventCountry "AUT"]

1.Nf3 Nf6 2.g3 g6 3.Bg2 Bg7 4.O-O O-O 5.d4 d5 6.c4 c6 7.Qb3 Qb6 8.Nc3 Rd8 9.Bf4 dxc4
10.Qxc4 Be6 11.Qd3 Qa6 12.Qc2 c5 13.Rfd1 Nc6 14.dxc5 Qc4 15.Qb3 Qxb3 16.axb3 Bxb3
17.Rxd8+ Rxd8 18.Ne5 Nxe5 19.Bxe5 Nd7 20.Bxg7 Kxg7 21.c6 bxc6 22.Rxa7 c5 23.Kf1 Be6
24.Ke1 Rb8 25.Rb7 Rxb7 26.Bxb7 Nb6 27.Kd2 Bb3 28.Ne4 Na4 29.Kc1 f5 30.Nd2 Bf7 31.f4
Kf6 32.e4 e5 33.exf5 exf4 34.fxg6 Bxg6 35.gxf4 Kf5 36.Bc6 Nb6 37.Ne4 c4 38.Nd6+ Kxf4
39.Bb5 Kg4 40.Nxc4 Nxc4 41.Bxc4 Kh3 42.Kd2 Kxh2 43.b4 Be8 44.Ke3 Kg3 45.b5 Bxb5 46.Bxb5
Kg4 47.Bd3 Kg5 48.Bxh7 1/2-1/2

[Event "Vienna Chess Open 2016 Group A"]
[Site "Grosser Festsaal im Wiener Rathaus, 1010 Wien"]
[Date "2016.08.18"]
[Round "3"]
[Board "24"]
[White "Sindarov, Javokhir"]
[Black "Steiner, Bruno"]
[Result "1-0"]
[WhiteElo "2374"]
[BlackElo "2206"]
[PlyCount "69"]
[EventDate "2016.08.16"]
[EventRounds "9"]
[EventCountry "AUT"]

1.e4 e5 2.Nf3 Nc6 3.d4 exd4 4.Nxd4 Nf6 5.Nxc6 bxc6 6.Bd3 d5 7.e5 Ng4 8.O-O Bc5 9.Bf4
Qh4 10.Bg3 Qg5 11.Nd2 O-O 12.Nf3 Qh5 13.Qd2 Bb6 14.Ng5 h6 15.Nf3 f6 16.exf6 Nxf6 17.Rae1
Ne4 18.Bxe4 dxe4 19.Rxe4 Bf5 20.Re7 Rae8 21.Rfe1 Rxe7 22.Rxe7 Re8 23.Re5 Qf7 24.c4
Be4 25.b4 Bxf3 26.Rxe8+ Qxe8 27.gxf3 a5 28.c5 Ba7 29.a3 Kh7 30.Qd3+ g6 31.Qe4 Qd7
32.Qe5 Bb8 33.Qf6 Qe8 34.Be5 Qg8 35.Qe7+ 1-0

[Event "Vienna Chess Open 2016 Group A"]
[Site "Grosser Festsaal im Wiener Rathaus, 1010 Wien"]
[Date "2016.08.18"]
[Round "3"]
[Board "25"]
[White "Schwabeneder, Florian"]
[Black "Witte, Manfred"]
[Result "1-0"]
[WhiteElo "2369"]
[BlackElo "2204"]
[PlyCount "60"]
[EventDate "2016.08.16"]
[EventRounds "9"]
[EventCountry "AUT"]

1.e4 c5 2.Nf3 Nc6 3.Bb5 g6 4.O-O Bg7 5.c3 Nf6 6.Re1 O-O 7.h3 e6 8.d4 cxd4 9.cxd4 d5
10.e5 Nd7 11.Nc3 a6 12.Bf1 b5 13.Bg5 Qb6 14.Qd2 h6 15.Bxh6 Nxd4 16.Nxd4 Bxh6 17.Qxh6
Qxd4 18.Rad1 Qc5 19.Rd3 Rd8 20.Rg3 Qf8 21.Qf4 Qg7 22.h4 Nf8 23.h5 Ra7 24.Bd3 Bd7 25.Ne2
Rc8 26.Qe3 Rac7 27.hxg6 fxg6 28.Nf4 Be8 29.Nh5 gxh5 30.Rxg7+ Rxg7 1-0

[Event "Vienna Chess Open 2016 Group A"]
[Site "Grosser Festsaal im Wiener Rathaus, 1010 Wien"]
[Date "2016.08.18"]
[Round "3"]
[Board "26"]
[White "Pirrot, Dieter"]
[Black "Pisu, Robert-Daniel"]
[Result "1-0"]
[WhiteElo "2367"]
[BlackElo "2165"]
[PlyCount "53"]
[EventDate "2016.08.16"]
[EventRounds "9"]
[EventCountry "AUT"]

1.e4 c5 2.d4 cxd4 3.c3 d5 4.exd5 Qxd5 5.cxd4 e5 6.Nf3 exd4 7.Qxd4 Nf6 8.Nc3 Qxd4 9.Nxd4
Bc5 10.Ndb5 Na6 11.Be2 O-O 12.O-O Bg4 13.Bxg4 Nxg4 14.a3 Rfd8 15.Bf4 Rac8 16.Ne4 Bd4
17.Ned6 Bxb2 18.Ra2 Rc2 19.h3 g5 20.Bxg5 f6 21.Bh4 Nh2 22.Kxh2 Be5+ 23.f4 Bxf4+ 24.Rxf4
Rxa2 25.Bxf6 Rd7 26.Rg4+ Kf8 27.Re4 1-0